LDR 00719naa#a2200193#i#450# 001 EN\\bibl\121543 005 20260501133312.5 011 ## _a2414-3995 100 ## _a20251022b2025####ek#y0engy0150####ca 102 ## _aRU 200 1# _aCertain aspects of the illegal formation (creation, reorganization) of a legal entity _eJournal article 210 1# _aMoscow _cMoscow University of the Ministry of Internal Affairs of Russia named after V.Ya. Kikot _d2025 215 ## _a4 с. 608 ## _aJournal article _2local 675 ## _aПраво. Юридические науки. 34 _z 700 #1 _aIvanov _gDmitriy Aleksandrovich 700 #1 _aPotapov _gVasiliy Dzhonovich 700 #1 _aMoskovceva _gKristina Andreevna 856 4# _amosumvd.editorum.ru _u